Countries banning Transgenders/gender change - Statistics

General Stats
  • This quiz has been taken 27 times
    18 since last reset
  • The average score is 63 of 112
Answer Stats
Hint Answer % Correct
Europe Albania
75%
Europe Belarus
75%
Asia Iraq
75%
Africa Tunisia
75%
Asia Afghanistan
67%
Africa Algeria
67%
Asia Azerbaijan
67%
Asia Bhutan
67%
Africa Ethiopia
67%
Asia Kuwait
67%
Asia Kyrgyzstan
67%
Asia Laos
67%
Africa Libya
67%
Asia Malaysia
67%
Africa Morocco
67%
Asia Oman
67%
Europe Russia
67%
Asia Saudi Arabia
67%
Africa Somalia
67%
Africa South Sudan
67%
Africa Sudan
67%
Asia Turkmenistan
67%
Asia United Arab Emirates
67%
Asia Uzbekistan
67%
Asia Armenia
58%
North America Barbados
58%
North America Belize
58%
Africa Benin
58%
Asia Brunei
58%
Asia Cambodia
58%
Africa Central African Republic
58%
Africa Chad
58%
Africa Comoros
58%
Africa Democratic Republic of the Congo
58%
Africa Djibouti
58%
Asia East Timor
58%
Africa Egypt
58%
Africa Equatorial Guinea
58%
Africa Eritrea
58%
Oceania Fiji
58%
Africa Gabon
58%
Africa Ghana
58%
North America Guatemala
58%
South America Guyana
58%
North America Haiti
58%
North America Honduras
58%
Europe Hungary
58%
Africa Kenya
58%
Europe Kosovo
58%
Africa Madagascar
58%
Asia Maldives
58%
Africa Mali
58%
Africa Mauritania
58%
Asia Myanmar
58%
North America Nicaragua
58%
Africa Niger
58%
Asia North Korea
58%
Oceania Palau
58%
Africa Rwanda
58%
Europe Slovakia
58%
Asia (De Facto) Tajikistan
58%
Africa Tanzania
58%
South America Venezuela
58%
Asia Yemen
58%
Africa Zambia
58%
Africa Zimbabwe
58%
North America Bahamas
50%
Europe Bulgaria
50%
Africa Burkina Faso
50%
Africa Burundi
50%
Africa Cameroon
50%
Africa Congo
50%
North America Dominica
50%
North America Dominican Republic
50%
Africa Eswatini
50%
Africa Gambia
50%
Asia Georgia
50%
Africa Guinea
50%
Africa Guinea Bissau
50%
North America Jamaica
50%
Oceania Kiribati
50%
Africa Nigeria
50%
Oceania Papua New Guinea
50%
South America Paraguay
50%
Asia Philippines
50%
Asia Qatar
50%
North America Saint Lucia
50%
Oceania Samoa
50%
Africa São Tomé and Principe
50%
Africa Senegal
50%
Asia Syria
50%
Asia (De Jure) Thailand
50%
Africa Togo
50%
Oceania Tonga
50%
North America Trinidad and Tobago
50%
Oceania Tuvalu
50%
Africa Uganda
50%
Oceania Vanuatu
50%
Europe Vatican City
50%
North America Grenada
42%
Asia (De Facto) Jordan
42%
Africa Liberia
42%
Africa Malawi
42%
Oceania Marshall Islands
42%
Europe Monaco
42%
Oceania Nauru
42%
North America Saint Vincent and the Grenadines
42%
Europe San Marino
42%
Africa Sierra Leone
42%
Oceania Solomon Islands
42%
Oceania Micronesia
33%
North America Saint Kitts and Nevis
33%
No matching quizzes found
Score Distribution
Percent of People with Each Score
Percentile by Number Answered
Your Score History
You have not taken this quiz since the last reset